[Event "Mittelfrank Regionalliga Nord-Ost 2122"]
[Site "Mittelfranken"]
[Date "2022.05.29"]
[Round "9.8"]
[White "Schoebel, Klaus"]
[Black "Schoen, Rudolf"]
[Result "1/2-1/2"]
[WhiteElo "1500"]
[BlackElo "1864"]
[PlyCount "89"]
[EventDate "2021.10.24"]
[EventType "team-tourn"]
[EventRounds "9"]
[EventCountry "GER"]
[SourceTitle "EXT 2024"]
[Source "ChessBase"]
[SourceDate "2023.10.10"]
[SourceVersion "1"]
[SourceVersionDate "2023.10.10"]
[SourceQuality "1"]
[WhiteTeam "Herzogenaurach II"]
[BlackTeam "Windischeschenbach"]
[WhiteTeamCountry "GER"]
[BlackTeamCountry "GER"]

1. e4 c5 2. Nf3 d6 3. d4 cxd4 4. Nxd4 Nf6 5. Nc3 g6 6. Be2 Bg7 7. Be3 Bd7 8. Qd2 Nc6 9. f3 a6 10. Nxc6 Bxc6 11. Bh6 Bxh6 12. Qxh6 Qb6 13. 0-0-0 0-0-0 14. Bc4 Rdf8 15. Rhe1 Qc5 16. Bb3 e6 17. Qf4 Ne8 18. Qh4 g5 19. Qg3 h5 20. e5 d5 21. Qxg5 Rfg8 22. Qd2 h4 23. Ne4 Qe7 24. Nc3 Ng7 25. Ba4 b5 26. Bb3 Nf5 27. Qf4 Qg5 28. Ne2 Ne3 29. Qxf7 Nxd1+ 30. f4 Qg7 31. Qxe6+ Qd7 32. Qxd7+ Kxd7 33. Rxd1 Rxg2 34. Nd4 Bb7 35. e6+ Ke7 36. Re1 Rf8 37. f5 h3 38. Re3 Rxh2 39. Rg3 Rg2 40. Rxh3 Rfg8 41. Rh7+ R8g7 42. Rxg7+ Rxg7 43. Kd2 Kf6 44. c3 Rg2+ 45. Kc1 1/2-1/2

[Event "DSOL 05 Liga Gr-C 1st"]
[Site "Playchess.com INT"]
[Date "2020.08.10"]
[Round "2.4"]
[White "Schoebel, Klaus"]
[Black "Mueller, Gottfried"]
[Result "0-1"]
[WhiteElo "1488"]
[BlackElo "2029"]
[PlyCount "46"]
[EventDate "2020.06.22"]
[EventType "team-tourn (rapid)"]
[EventCountry "GER"]
[SourceTitle "EXT 2021"]
[Source "ChessBase"]
[SourceDate "2020.10.23"]
[SourceVersion "1"]
[SourceVersionDate "2020.10.23"]
[SourceQuality "1"]
[WhiteTeam "Herzogenaurach II"]
[BlackTeam "Zwickau"]
[WhiteTeamCountry "GER"]
[BlackTeamCountry "GER"]

1. e4 c5 2. Nf3 e6 3. d4 cxd4 4. Nxd4 Nf6 5. Nc3 d6 6. Be2 Nbd7 7. 0-0 a6 8. Kh1 Be7 9. f4 Qc7 10. f5 e5 11. Nf3 b5 12. a3 Bb7 13. Bg5 h6 14. Bxf6 Nxf6 15. Bd3 0-0 16. Ne2 Nxe4 17. Bxe4 Bxe4 18. c3 Bb7 19. Ng3 Qc6 20. Qe2 Rfe8 21. Rae1 f6 22. Nh4 Qc4 23. Qe3 Qxh4 0-1

[Event "Pyramiden Franken Cup"]
[Site "Fuerth"]
[Date "2016.09.03"]
[Round "4"]
[White "Balhar, Michael"]
[Black "Schoebel, Klaus"]
[Result "0-1"]
[WhiteElo "1769"]
[BlackElo "1742"]
[PlyCount "48"]
[EventDate "2016.09.01"]
[EventType "swiss"]
[EventRounds "7"]
[EventCountry "GER"]
[SourceTitle "CBM 174 Extra"]
[Source "ChessBase"]
[SourceDate "2016.10.10"]
[SourceVersion "1"]
[SourceVersionDate "2016.10.10"]
[SourceQuality "1"]

1. d4 d5 2. c4 c6 3. cxd5 cxd5 4. Nc3 e6 5. Bf4 Bd6 6. Bg3 Nf6 7. e3 0-0 8. Bd3 Nc6 9. a3 e5 10. Nb5 Bb8 11. dxe5 Bxe5 12. Bxe5 Nxe5 13. Bc2 Qa5+ 14. Nc3 Nc4 15. b4 Qc7 16. Nxd5 Nxd5 17. Qxd5 Nxe3 18. fxe3 Qxc2 19. Rd1 Bg4 20. Rd2 Qc1+ 21. Kf2 Qxa3 22. b5 Qa5 23. Ra2 Qb6 24. Rb2 Qf6+ 0-1

[Event "Pyramiden Franken Cup"]
[Site "Fuerth"]
[Date "2016.09.02"]
[Round "2"]
[White "Thesing, Ansgar"]
[Black "Schoebel, Klaus"]
[Result "1-0"]
[WhiteElo "1983"]
[BlackElo "1742"]
[PlyCount "77"]
[EventDate "2016.09.01"]
[EventType "swiss"]
[EventRounds "7"]
[EventCountry "GER"]
[SourceTitle "CBM 174 Extra"]
[Source "ChessBase"]
[SourceDate "2016.10.10"]
[SourceVersion "1"]
[SourceVersionDate "2016.10.10"]
[SourceQuality "1"]

1. e4 e5 2. Nc3 Nf6 3. g3 d6 4. Bg2 Be7 5. Nge2 0-0 6. d4 Nbd7 7. 0-0 exd4 8. Nxd4 Ne5 9. f4 Nc6 10. Nxc6 bxc6 11. e5 Nd7 12. Bxc6 Rb8 13. exd6 cxd6 14. Nd5 Nf6 15. Nxe7+ Qxe7 16. Re1 Qc7 17. Bf3 Bb7 18. Bxb7 Rxb7 19. b3 h5 20. Bb2 Qc5+ 21. Bd4 Qf5 22. Qf3 Rc7 23. c4 Nh7 24. Qf2 Nf6 25. Qf3 Nh7 26. Rad1 Ng5 27. Qd3 Nh3+ 28. Kg2 Qg4 29. Qf3 Qg6 30. Kxh3 Rfc8 31. Bb2 a5 32. Rd5 Rc5 33. Rxc5 Rxc5 34. Re8+ Kh7 35. Qe4 f5 36. Qe6 Qg4+ 37. Kg2 Re5 38. Qg8+ Kg6 39. Re6+ 1-0

[Event "Mittelfranken-ch"]
[Site "Wachendorf"]
[Date "2013.03.29"]
[Round "8.10"]
[White "Schoebel, Klaus"]
[Black "Balhar, Michael"]
[Result "0-1"]
[WhiteElo "1773"]
[BlackElo "1745"]
[PlyCount "56"]
[EventDate "2013.03.26"]
[EventType "swiss"]
[EventRounds "9"]
[EventCountry "GER"]
[SourceTitle "EXT 2022"]
[Source "ChessBase"]
[SourceDate "2021.10.06"]
[SourceVersion "1"]
[SourceVersionDate "2021.10.06"]
[SourceQuality "1"]

1. e4 c5 2. Nf3 e6 3. Nc3 a6 4. d4 cxd4 5. Nxd4 Qc7 6. Nf3 b5 7. a3 Bb7 8. Bd3 d6 9. 0-0 Nf6 10. Re1 Nbd7 11. Bf4 Nh5 12. Be3 Nhf6 13. Bd2 Be7 14. b4 0-0 15. Bf4 Qxc3 16. e5 dxe5 17. Nxe5 Nxe5 18. Bxe5 Qc6 19. f3 Rfd8 20. Qe2 Rd5 21. Bxf6 Bxf6 22. Be4 Qb6+ 23. Kh1 Bxa1 24. Rxa1 Rh5 25. Bxb7 Qxb7 26. Rd1 Qc7 27. f4 Rh6 28. Qf3 Rd8 0-1

[Event "Mittelfranken-ch"]
[Site "Wachendorf"]
[Date "2013.03.27"]
[Round "3.8"]
[White "Kuhmann, Peter"]
[Black "Schoebel, Klaus"]
[Result "1-0"]
[WhiteElo "1903"]
[BlackElo "1773"]
[PlyCount "77"]
[EventDate "2013.03.26"]
[EventType "swiss"]
[EventRounds "9"]
[EventCountry "GER"]
[SourceTitle "EXT 2022"]
[Source "ChessBase"]
[SourceDate "2021.10.06"]
[SourceVersion "1"]
[SourceVersionDate "2021.10.06"]
[SourceQuality "1"]

1. c4 e5 2. e3 Nf6 3. Nf3 d6 4. Be2 Be7 5. 0-0 0-0 6. d4 exd4 7. Nxd4 c6 8. b3 d5 9. cxd5 Nxd5 10. Bb2 Bf6 11. Qc1 Re8 12. Bf3 Be6 13. Rd1 Nd7 14. Nxe6 fxe6 15. Na3 Qe7 16. Nc4 b5 17. Na5 Ne5 18. Bxd5 cxd5 19. Qd2 Rac8 20. Rac1 Qd6 21. Bxe5 Bxe5 22. h3 Qb6 23. b4 Rf8 24. Rxc8 Rxc8 25. Rc1 Rxc1+ 26. Qxc1 Bd6 27. Qc8+ Kf7 28. Qd7+ Kf8 29. Nc6 Qc7 30. Qxc7 Bxc7 31. Nxa7 Bd6 32. a3 Ke7 33. Nxb5 Be5 34. Nd4 Bd6 35. Kf1 e5 36. Nf5+ Kd7 37. Nxd6 Kxd6 38. Ke2 Kc6 39. a4 1-0

[Event "Mittelfranken-ch"]
[Site "Wachendorf"]
[Date "2013.03.26"]
[Round "1.9"]
[White "Willim, Michael"]
[Black "Schoebel, Klaus"]
[Result "1-0"]
[WhiteElo "2083"]
[BlackElo "1773"]
[PlyCount "77"]
[EventDate "2013.03.26"]
[EventType "swiss"]
[EventRounds "9"]
[EventCountry "GER"]
[SourceTitle "EXT 2022"]
[Source "ChessBase"]
[SourceDate "2021.10.06"]
[SourceVersion "1"]
[SourceVersionDate "2021.10.06"]
[SourceQuality "1"]

1. c4 e5 2. g3 d6 3. Bg2 c6 4. d4 exd4 5. Qxd4 Nf6 6. Nc3 Be7 7. e4 0-0 8. Nge2 Nbd7 9. 0-0 Nc5 10. b3 Ne6 11. Qd2 Qa5 12. Nd5 Qd8 13. Nxe7+ Qxe7 14. Rd1 Ne8 15. Ba3 c5 16. Bb2 Ng5 17. h4 Ne6 18. Nc3 N6c7 19. Re1 Be6 20. Rad1 f6 21. Re3 Rd8 22. Nd5 Qd7 23. Nf4 Bf7 24. Bh3 Qc6 25. h5 b5 26. h6 bxc4 27. hxg7 Kxg7 28. Nd5 Bg6 29. Ne7 Qb7 30. Nf5+ Kh8 31. bxc4 Ne6 32. Rb3 Qxe4 33. Re3 Qxc4 34. Rc1 Qb5 35. Rxe6 Bxf5 36. Bxf5 c4 37. Qh6 Rf7 38. Rxe8+ Qxe8 39. Bxf6+ 1-0

[Event "Mittelfranken-chTB2b 1213"]
[Site "Germany"]
[Date "2012.10.21"]
[Round "2.8"]
[White "Schoebel, Klaus"]
[Black "Zidar, Zlatko"]
[Result "1/2-1/2"]
[WhiteElo "1574"]
[BlackElo "1669"]
[PlyCount "111"]
[EventDate "2012.10.07"]
[EventType "team-tourn"]
[EventRounds "9"]
[EventCountry "GER"]
[SourceTitle "EXT 2019"]
[Source "ChessBase"]
[SourceDate "2018.10.10"]
[SourceVersion "1"]
[SourceVersionDate "2018.10.10"]
[SourceQuality "1"]
[WhiteTeam "Herzogenaurach"]
[BlackTeam "Neumarkt"]
[WhiteTeamCountry "GER"]
[BlackTeamCountry "GER"]

1. e4 c5 2. Nf3 Nc6 3. d4 cxd4 4. Nxd4 e5 5. Nf3 Bc5 6. Bc4 Nf6 7. Nc3 0-0 8. 0-0 a6 9. Bg5 h6 10. Bh4 b5 11. Bb3 Be7 12. Bxf6 Bxf6 13. Nd5 d6 14. Qd2 Ra7 15. Rad1 Rd7 16. Rfe1 g5 17. Ne3 Ne7 18. Ng4 Bg7 19. h4 h5 20. Ngh2 g4 21. Ng5 Nc6 22. c3 Na5 23. Bd5 Bb7 24. f4 Bxd5 25. exd5 Nc4 26. Qc2 f5 27. Ne6 Qb6+ 28. Kh1 Rf6 29. fxe5 dxe5 30. Nxg7 Kxg7 31. Nf1 Qc7 32. Ng3 Kg6 33. Qc1 f4 34. Qc2+ Kf7 35. Qh7+ Kf8 36. Qh8+ Ke7 37. Nxh5 Rf7 38. b3 Ne3 39. d6+ Rxd6 40. Qxe5+ Kd7 41. Rxd6+ Qxd6 42. Qxd6+ Kxd6 43. Nxf4 Nf5 44. Re6+ Kd7 45. Rxa6 Ng3+ 46. Kh2 Nf1+ 47. Kg1 Rxf4 48. a4 g3 49. axb5 Nd2 50. Ra1 Nxb3 51. Rb1 Nc5 52. Rd1+ Kc7 53. Rd4 Ne4 54. h5 Nxc3 55. Rxf4 Ne2+ 56. Kf1 1/2-1/2

[Event "Seebach op 23rd"]
[Site "Grossenseebach"]
[Date "2012.06.08"]
[Round "3"]
[White "Schoebel, Klaus"]
[Black "Klein, Waldemar"]
[Result "1/2-1/2"]
[WhiteElo "1595"]
[BlackElo "1927"]
[PlyCount "68"]
[EventDate "2012.06.07"]
[EventType "swiss"]
[EventRounds "7"]
[EventCountry "GER"]
[SourceTitle "EXT 2013"]
[Source "ChessBase"]
[SourceDate "2012.11.22"]
[SourceVersion "1"]
[SourceVersionDate "2012.11.22"]
[SourceQuality "1"]

1. e4 c6 2. Nc3 g6 3. d4 d5 4. e5 h5 5. Bg5 Bg4 6. Be2 Bxe2 7. Qxe2 Qb6 8. Nf3 Qxb2 9. 0-0 Qxc3 10. Rab1 b5 11. Rb3 Qc4 12. Qd2 a5 13. a3 e6 14. Rc3 Qa4 15. Nh4 Be7 16. Rf3 Bxg5 17. Qxg5 Ne7 18. Rxf7 Kxf7 19. Qf6+ Ke8 20. Qxh8+ Kd7 21. Qg7 Qxc2 22. Nf3 b4 23. axb4 axb4 24. Qf8 b3 25. Ng5 Qf5 26. Nf7 Na6 27. Qxa8 Qxf7 28. Qxa6 Qf4 29. Qb7+ Ke8 30. Qxb3 Qxd4 31. Qb8+ Kf7 32. Qh8 Qf4 33. g3 Qf5 34. Ra1 g5 1/2-1/2

[Event "Forchheim op 10th"]
[Site "Forchheim"]
[Date "2011.10.07"]
[Round "1"]
[White "Lingl, Peter"]
[Black "Schoebel, Klaus"]
[Result "1/2-1/2"]
[WhiteElo "1737"]
[BlackElo "1795"]
[PlyCount "45"]
[EventDate "2011.10.07"]
[EventType "swiss"]
[EventRounds "5"]
[EventCountry "GER"]
[SourceTitle "CBM 144 Extra"]
[Source "ChessBase"]
[SourceDate "2011.10.28"]
[SourceVersion "1"]
[SourceVersionDate "2011.10.28"]
[SourceQuality "1"]

1. e4 e5 2. Nf3 d6 3. Bc4 Be7 4. d3 Nf6 5. Be3 0-0 6. Nbd2 Ng4 7. Qe2 Nxe3 8. Qxe3 c6 9. h4 b5 10. Bb3 a5 11. a4 Bg4 12. g3 Nd7 13. Nh2 Nf6 14. f3 Bd7 15. g4 d5 16. g5 d4 17. Qg1 Nh5 18. g6 Bxh4+ 19. Kd1 Ng3 20. Bxf7+ Rxf7 21. gxf7+ Kxf7 22. Ng4 Nxh1 23. Nxe5+ 1/2-1/2

[Event "Mittelfranken-chTB2a 0809"]
[Site "Mittelfranken"]
[Date "2008.12.07"]
[Round "3.8"]
[White "Nemeth Csoka, Mihaly"]
[Black "Schoebel, Klaus"]
[Result "1-0"]
[WhiteElo "1643"]
[BlackElo "1563"]
[PlyCount "65"]
[EventDate "2008.10.12"]
[EventType "team"]
[EventRounds "9"]
[EventCountry "GER"]
[SourceTitle "EXT 2011"]
[Source "ChessBase"]
[SourceDate "2010.11.26"]
[SourceVersion "1"]
[SourceVersionDate "2010.11.26"]
[SourceQuality "1"]
[WhiteTeam "Grossenseebach II"]
[BlackTeam "Herzogenaurach"]
[WhiteTeamCountry "GER"]
[BlackTeamCountry "GER"]

1. e4 e5 2. Nf3 d6 3. Nc3 Nf6 4. Bc4 Be7 5. d4 exd4 6. Nxd4 0-0 7. 0-0 c6 8. Be3 b5 9. Bd3 b4 10. Nce2 c5 11. Nf3 Bb7 12. Ng3 Re8 13. e5 dxe5 14. Nxe5 Qd5 15. Nf3 Nbd7 16. Bb5 Red8 17. Re1 Qxd1 18. Raxd1 Nf8 19. Nf5 Ng6 20. Nxe7+ Nxe7 21. Bxc5 Ned5 22. Nd4 a5 23. Be7 Nxe7 24. Rxe7 Bd5 25. f3 a4 26. Nc6 Bxc6 27. Rxd8+ Rxd8 28. Bxc6 Rd1+ 29. Kf2 Rd2+ 30. Re2 Rd8 31. Bxa4 Kf8 32. Bb3 Rd1 33. c4 1-0

[Event "GER Seniors Derby 07th"]
[Site "Wesel Undeloh"]
[Date "2008.03.30"]
[Round "7.12"]
[White "Schoebel, Klaus"]
[Black "Hoedtke, Joern"]
[Result "1/2-1/2"]
[WhiteElo "1553"]
[BlackElo "1714"]
[PlyCount "43"]
[EventDate "2008.03.27"]
[EventType "swiss"]
[EventRounds "7"]
[EventCountry "GER"]
[SourceTitle "EXT 2022"]
[Source "ChessBase"]
[SourceDate "2021.10.06"]
[SourceVersion "1"]
[SourceVersionDate "2021.10.06"]
[SourceQuality "1"]

1. e4 Nf6 2. e5 Nd5 3. d4 d6 4. Nf3 Nc6 5. c4 Nb6 6. exd6 exd6 7. d5 Ne5 8. Nxe5 dxe5 9. Bd3 Bb4+ 10. Bd2 Bxd2+ 11. Qxd2 0-0 12. 0-0 f5 13. Nc3 c6 14. Be2 Rf6 15. Rad1 Rd6 16. c5 Rxd5 17. Nxd5 Nxd5 18. Bc4 Be6 19. Bxd5 Bxd5 20. Qe3 Qf6 21. b3 f4 22. Qh3 1/2-1/2

[Event "GER Seniors Derby 07th"]
[Site "Wesel Undeloh"]
[Date "2008.03.27"]
[Round "1.14"]
[White "Schoebel, Klaus"]
[Black "Plischke, Berthold"]
[Result "0-1"]
[WhiteElo "1553"]
[BlackElo "1795"]
[PlyCount "56"]
[EventDate "2008.03.27"]
[EventType "swiss"]
[EventRounds "7"]
[EventCountry "GER"]
[SourceTitle "EXT 2022"]
[Source "ChessBase"]
[SourceDate "2021.10.06"]
[SourceVersion "1"]
[SourceVersionDate "2021.10.06"]
[SourceQuality "1"]

1. e4 e6 2. d4 d5 3. Nc3 Nf6 4. e5 Nfd7 5. Nf3 c5 6. Be3 Qb6 7. Na4 Qa5+ 8. c3 cxd4 9. Bxd4 b5 10. b4 Qxa4 11. Qd2 Nc6 12. a3 a5 13. Be2 axb4 14. cxb4 Nxd4 15. Qxd4 Bxb4+ 16. Nd2 Qa5 17. Rd1 Bc3 18. Qe3 0-0 19. 0-0 d4 20. Qd3 Nxe5 21. Qc2 Bb7 22. Nb3 Qb6 23. Bd3 Nxd3 24. Qxd3 Rxa3 25. Nxd4 Rd8 26. Qxb5 Bxd4 27. Rxd4 Qxd4 28. Qxb7 Ra1 0-1

[Event "Mittelfrankenliga-B2a 0607"]
[Site "Mittelfranken"]
[Date "2007.05.06"]
[Round "9.8"]
[White "Markoff, Peter"]
[Black "Schoebel, Klaus"]
[Result "1/2-1/2"]
[WhiteElo "1733"]
[BlackElo "1563"]
[PlyCount "57"]
[EventDate "2006.10.22"]
[EventType "team-tourn"]
[EventRounds "9"]
[EventCountry "GER"]
[SourceTitle "EXT 2011"]
[Source "ChessBase"]
[SourceDate "2010.11.26"]
[SourceVersion "1"]
[SourceVersionDate "2010.11.26"]
[SourceQuality "1"]
[WhiteTeam "Neumarkt"]
[BlackTeam "Herzogenaurach"]
[WhiteTeamCountry "GER"]
[BlackTeamCountry "GER"]

1. e4 e5 2. Nf3 d6 3. d4 exd4 4. Qxd4 Nf6 5. Bg5 Be7 6. e5 Ng4 7. e6 Bxe6 8. Qxg7 Bf6 9. Bxf6 Qxf6 10. Qxf6 Nxf6 11. Bd3 Rg8 12. g3 Bd5 13. Nbd2 Nbd7 14. 0-0-0 0-0-0 15. Rhe1 h6 16. Nd4 Ng4 17. Ne4 Bxe4 18. Bxe4 Nxf2 19. Rd2 Nxe4 20. Rxe4 Rde8 21. Rde2 Re5 22. Nf5 Rh8 23. Kd2 Kd8 24. Rxe5 Nxe5 25. b3 h5 26. Kc3 Kd7 27. a3 Rg8 28. Re4 Ke6 29. Nd4+ 1/2-1/2

[Event "Nuremberg LGA Cup 3rd"]
[Site "Nuremberg"]
[Date "2006.09.10"]
[Round "6.67"]
[White "Schoebel, Klaus"]
[Black "Mons, Leon"]
[Result "1/2-1/2"]
[WhiteElo "1845"]
[BlackElo "1655"]
[PlyCount "44"]
[EventDate "2006.09.07"]
[EventType "swiss"]
[EventRounds "7"]
[EventCountry "GER"]
[SourceTitle "EXT 2022"]
[Source "ChessBase"]
[SourceDate "2021.10.06"]
[SourceVersion "1"]
[SourceVersionDate "2021.10.06"]
[SourceQuality "1"]

1. e4 e5 2. Nf3 Nc6 3. d4 exd4 4. Nxd4 Bb4+ 5. c3 Bc5 6. Be3 Bb6 7. Bc4 d6 8. 0-0 Nf6 9. Nxc6 bxc6 10. Bg5 0-0 11. Nd2 Be6 12. Qb3 Qe7 13. Rae1 Rad8 14. Qc2 Bxc4 15. Nxc4 Qe6 16. Nxb6 axb6 17. f4 Ra8 18. b3 Nd7 19. f5 Qe5 20. Qd2 f6 21. Bf4 Qe7 22. a4 Ne5 1/2-1/2

[Event "Nuremberg LGA Cup 3rd"]
[Site "Nuremberg"]
[Date "2006.09.08"]
[Round "2.70"]
[White "Schoebel, Klaus"]
[Black "Lingl, Peter"]
[Result "0-1"]
[WhiteElo "1845"]
[BlackElo "1371"]
[PlyCount "38"]
[EventDate "2006.09.07"]
[EventType "swiss"]
[EventRounds "7"]
[EventCountry "GER"]
[SourceTitle "EXT 2022"]
[Source "ChessBase"]
[SourceDate "2021.10.06"]
[SourceVersion "1"]
[SourceVersionDate "2021.10.06"]
[SourceQuality "1"]

1. e4 e5 2. Bc4 Nf6 3. d4 d6 4. dxe5 Bg4 5. f3 Nxe4 6. Bxf7+ Kxf7 7. Qd5+ Ke8 8. Qxe4 Be6 9. exd6 Qxd6 10. Nc3 g6 11. Bf4 Qe7 12. Be5 Bf5 13. Qd4 Nc6 14. Nd5 Nxd4 15. Nxe7 Nxc2+ 16. Kd2 Rd8+ 17. Kc1 Bh6+ 18. f4 Kxe7 19. Bxh8 Bxf4+ 0-1

[Event "Seebach op 16th"]
[Site "Grossenseebach"]
[Date "2005.05.29"]
[Round "7"]
[White "Schoebel, Klaus"]
[Black "Gueldner, Udo"]
[Result "0-1"]
[WhiteElo "1842"]
[BlackElo "1770"]
[PlyCount "76"]
[EventDate "2005.05.26"]
[EventType "swiss"]
[EventRounds "7"]
[EventCountry "GER"]
[SourceTitle "EXT 2018"]
[Source "ChessBase"]
[SourceDate "2017.10.13"]
[SourceVersion "1"]
[SourceVersionDate "2017.10.13"]
[SourceQuality "1"]

1. e4 c6 2. d4 d5 3. e5 Bf5 4. Bd3 Bxd3 5. Qxd3 e6 6. Ne2 Nd7 7. 0-0 Ne7 8. Ng3 Qb6 9. c3 c5 10. b3 cxd4 11. cxd4 Nc6 12. Bb2 Be7 13. Nc3 a6 14. Nce2 0-0 15. f4 Rac8 16. a3 f5 17. b4 Qa7 18. Kh1 Nb6 19. Rac1 Nb8 20. Rc3 Nc4 21. Bc1 Nd7 22. Qf3 Kh8 23. Be3 b5 24. Nc1 a5 25. Nd3 Nxe3 26. Rxc8 Rxc8 27. Qxe3 axb4 28. Nxb4 Bxb4 29. axb4 Rc4 30. Rc1 Nb6 31. Rxc4 Nxc4 32. Qc3 Qa2 33. h3 g6 34. h4 Qf2 35. Kh2 Ne3 36. Qc8+ Kg7 37. Qd7+ Kh6 38. Nxf5+ exf5 0-1

[Event "Seebach op 16th"]
[Site "Grossenseebach"]
[Date "2005.05.28"]
[Round "6"]
[White "Schoebel, Klaus"]
[Black "Roeckl, Adelbert"]
[Result "1/2-1/2"]
[WhiteElo "1842"]
[BlackElo "1455"]
[PlyCount "51"]
[EventDate "2005.05.26"]
[EventType "swiss"]
[EventRounds "7"]
[EventCountry "GER"]
[SourceTitle "EXT 2018"]
[Source "ChessBase"]
[SourceDate "2017.10.13"]
[SourceVersion "1"]
[SourceVersionDate "2017.10.13"]
[SourceQuality "1"]

1. e4 c6 2. d4 d5 3. e5 c5 4. c3 cxd4 5. cxd4 e6 6. Nf3 Bb4+ 7. Bd2 Qa5 8. Nc3 Nc6 9. a3 Bxc3 10. Bxc3 Qb6 11. Bd3 Nge7 12. 0-0 h6 13. Rc1 0-0 14. Bb1 Bd7 15. Qc2 Ng6 16. Nh4 Nce7 17. Bb4 Rac8 18. Qd3 Bb5 19. Qg3 Bxf1 20. Rxf1 Rfe8 21. Bc3 Nxh4 22. Qxh4 Qd8 23. Qg3 Nf5 24. Qh3 Rc4 25. Bxf5 exf5 26. Qxf5 1/2-1/2

[Event "Seebach op 16th"]
[Site "Grossenseebach"]
[Date "2005.05.27"]
[Round "3"]
[White "Linsenmeyer, Mario"]
[Black "Schoebel, Klaus"]
[Result "1-0"]
[WhiteElo "1850"]
[BlackElo "1842"]
[PlyCount "57"]
[EventDate "2005.05.26"]
[EventType "swiss"]
[EventRounds "7"]
[EventCountry "GER"]
[SourceTitle "EXT 2018"]
[Source "ChessBase"]
[SourceDate "2017.10.13"]
[SourceVersion "1"]
[SourceVersionDate "2017.10.13"]
[SourceQuality "1"]

1. e4 e5 2. Nf3 d6 3. d4 exd4 4. Nxd4 Nf6 5. Nc3 Be7 6. Be3 c6 7. Be2 0-0 8. 0-0 Nbd7 9. f4 Nc5 10. Bf3 d5 11. exd5 cxd5 12. Nb3 Nce4 13. Bxe4 dxe4 14. Qxd8 Rxd8 15. Bc5 Re8 16. Rfe1 b6 17. Bd4 Bb7 18. Rad1 Rad8 19. Nb5 Rc8 20. Nxa7 Rxc2 21. Rc1 Rxc1 22. Rxc1 Nd5 23. g3 f5 24. Nb5 Bf6 25. Nd6 Bxd4+ 26. Nxd4 Re7 27. N4xf5 Rd7 28. Nxb7 Rxb7 29. Rc8+ 1-0

[Event "Seebach op 16th"]
[Site "Grossenseebach"]
[Date "2005.05.26"]
[Round "2"]
[White "Schoebel, Klaus"]
[Black "Harpf, Matthias"]
[Result "1-0"]
[WhiteElo "1842"]
[BlackElo "1145"]
[PlyCount "87"]
[EventDate "2005.05.26"]
[EventType "swiss"]
[EventRounds "7"]
[EventCountry "GER"]
[SourceTitle "EXT 2018"]
[Source "ChessBase"]
[SourceDate "2017.10.13"]
[SourceVersion "1"]
[SourceVersionDate "2017.10.13"]
[SourceQuality "1"]

1. e4 c5 2. Nf3 Nc6 3. d4 cxd4 4. Nxd4 e5 5. Nb5 d6 6. Bc4 Be6 7. Bxe6 fxe6 8. 0-0 Nf6 9. Kh1 Qb6 10. Nxd6+ Bxd6 11. Qxd6 Kf7 12. Qd3 Nb4 13. Qe2 Rac8 14. Nc3 Nc6 15. Nb5 Nd4 16. Nxd4 Qxd4 17. f3 Rhd8 18. c3 Qd3 19. Qf2 Qd1 20. Be3 Qd3 21. Bxa7 b5 22. Be3 b4 23. Bb6 Rd7 24. Ba5 Qd2 25. Bxb4 Qxf2 26. Rxf2 Rcd8 27. h3 Rd1+ 28. Rxd1 Rxd1+ 29. Kh2 Nh5 30. g3 g5 31. c4 Rd4 32. Rc2 Ke8 33. a3 Kd7 34. Rd2 Rxd2+ 35. Bxd2 Kc6 36. b4 Nf6 37. Bxg5 Nd7 38. c5 Nb8 39. Bf6 Kb5 40. Bxe5 Nc6 41. f4 Ka4 42. Bb2 Kb3 43. b5 Na5 44. c6 1-0

[Event "Nuremberg-ch op 05th"]
[Site "Nuremberg"]
[Date "2005.05.06"]
[Round "1"]
[White "Woerl, Richard"]
[Black "Schoebel, Klaus"]
[Result "1-0"]
[WhiteElo "1946"]
[BlackElo "1599"]
[PlyCount "87"]
[EventDate "2005.05.06"]
[EventType "swiss"]
[EventRounds "5"]
[EventCountry "GER"]
[SourceTitle "EXT 2007"]
[Source "ChessBase"]
[SourceDate "2006.11.23"]
[SourceVersion "1"]
[SourceVersionDate "2006.11.23"]
[SourceQuality "1"]

1. e4 e5 2. Nf3 d6 3. d4 exd4 4. Nxd4 Nf6 5. Bd3 Be7 6. 0-0 0-0 7. Nc3 c6 8. Bg5 Ng4 9. Bxe7 Qxe7 10. h3 Ne5 11. Be2 Ng6 12. f4 f5 13. Bc4+ Kh8 14. Nxf5 Bxf5 15. exf5 Qe3+ 16. Kh1 Rxf5 17. Qxd6 Na6 18. Bxa6 bxa6 19. Rae1 Qg3 20. Qxc6 Raf8 21. Re8 Nh4 22. Ne2 Qg6 23. Qxg6 Nxg6 24. Rxf8+ Rxf8 25. f5 Ne7 26. Nd4 g6 27. g4 Nd5 28. Ne6 Rf6 29. Rf3 gxf5 30. gxf5 Ne7 31. Nd4 Kg7 32. Kg2 h5 33. Kg3 Kh6 34. Kf4 Ng6+ 35. Ke4 Nh4 36. Rf2 Kg5 37. Ne6+ Kh6 38. Ke5 Rf7 39. c4 Ng6+ 40. Kd6 h4 41. c5 Ne7 42. Nd4 Kg5 43. Ke6 Rh7 44. f6 1-0

[Event "Mittelfranken-chT 0405"]
[Site "Germany"]
[Date "2005.03.13"]
[Round "7.7"]
[White "Schoebel, Klaus"]
[Black "Ammon, Tobias"]
[Result "0-1"]
[WhiteElo "1536"]
[BlackElo "1721"]
[PlyCount "78"]
[EventDate "2004.10.17"]
[EventType "team"]
[EventRounds "9"]
[EventCountry "GER"]
[SourceTitle "EXT 2007"]
[Source "ChessBase"]
[SourceDate "2006.11.23"]
[SourceVersion "1"]
[SourceVersionDate "2006.11.23"]
[SourceQuality "1"]

1. e4 Nf6 2. Nc3 d5 3. e5 d4 4. exf6 dxc3 5. fxe7 cxd2+ 6. Qxd2 Qxe7+ 7. Qe3 Bf5 8. Qxe7+ Bxe7 9. Bf4 Bxc2 10. Rc1 Bb4+ 11. Bd2 Bxd2+ 12. Kxd2 Ba4 13. Rxc7 0-0 14. Rxb7 Rd8+ 15. Bd3 Bc6 16. Rxb8 Raxb8 17. Nf3 Be4 18. Ne1 Bxd3 19. Nxd3 Rxb2+ 20. Kc3 Rxa2 21. Rd1 Ra3+ 22. Kc4 Raxd3 23. Rxd3 Rxd3 24. Kxd3 f5 25. f4 Kf7 26. Kc4 Ke6 27. Kc5 g5 28. g3 gxf4 29. gxf4 a5 30. Kd4 a4 31. Kc4 a3 32. Kb3 Kd5 33. Kxa3 Ke4 34. Kb2 Kxf4 35. Kc1 Ke3 36. Kd1 Kf2 37. Kd2 f4 38. h3 Kg2 39. h4 f3 0-1